000 01077pam a2200301 i 4500
001 2521812
003 EG-ScBUE
005 20250806091127.0
008 930205s1993 enka f b 001 0 eng
020 _a0080421520
020 _a978008042152
040 _aEG-ScBUE
_beng
_erda
_cEG-ScBUE
_dEG-ScBUE
082 0 4 _a546.681
_222
_bFUL
245 0 4 _aThe fullerenes /
_cedited by Harold W. Kroto, University of Sussex, UK, John E. Fischer, University of Philadelphia, USA, David E. Cox, Brookhaven National Laboratory, USA.
250 _aFirst edition.
264 1 _aOxford :
_bPergamon Press,
_c1993.
300 _avi, 318 pages :
_billustrations (some color) ;
_c29 cm
336 _2rdacontent
_atext
_btxt
337 _aunmediated
_2rdamedia
_bn
338 _avolume
_bnc
_2rdacarrier
504 _aIncludes bibliographical references and index.
650 7 _aFullerenes.
_96925
_2BUEsh
655 _vReading book
700 1 _aKroto, H. W.,
_96926
_eeditor.
700 1 _aFischer, John E.,
_96927
_eeditor.
700 1 _aCox, David,
_d1934-
_96928
_eeditor.
942 _2ddc
_cBB
999 _c12032
_d12032